| 000 -LEADER |
| fixed length control field |
00813nam a22002177a 4500 |
| 003 - CONTROL NUMBER IDENTIFIER |
| control field |
OSt |
| 005 - DATE AND TIME OF LATEST TRANSACTION |
| control field |
20241104134259.0 |
| 008 - FIXED-LENGTH DATA ELEMENTS--GENERAL INFORMATION |
| fixed length control field |
220718b ||||| |||| 00| 0 eng d |
| 040 ## - CATALOGING SOURCE |
| Transcribing agency |
SSBUL |
| 041 ## - LANGUAGE CODE |
| Language code of text/sound track or separate title |
Myanmar |
| 082 ## - DEWEY DECIMAL CLASSIFICATION NUMBER |
| Edition number |
23 |
| Classification number |
၂၉၄.၃၄၄၃၅ ဘို |
| Item number |
၉၃၄၄ S-SAT |
| 100 0# - MAIN ENTRY--PERSONAL NAME |
| Personal name |
ဘို၊ ဦး။ |
| 9 (RLIN) |
7041 |
|
| 9 (RLIN) |
7041 |
| 245 ## - TITLE STATEMENT |
| Title |
အကာလိကော / |
| Statement of responsibility, etc. |
ဦးဘို။ |
| 260 ## - PUBLICATION, DISTRIBUTION, ETC. |
| Place of publication, distribution, etc. |
ရန်ကုန် ၊ |
| Name of publisher, distributor, etc. |
အောင်မိတ်ဆက်စာပုံနှိပ်တိုက်၊ |
| Date of publication, distribution, etc. |
၁၉၇၀။ |
| 300 ## - PHYSICAL DESCRIPTION |
| Extent |
၅၅ စာမျက်နှာ ၊ |
| Dimensions |
၁၈ စင်တီ။ |
| 500 ## - GENERAL NOTE |
| General note |
S-SAT: Dr. Sai Aung Tun |
| 650 ## - SUBJECT ADDED ENTRY--TOPICAL TERM |
| Topical term or geographic name entry element |
ကမ္မဋ္ဌာန်း |
|
| Topical term or geographic name entry element |
တရားထိုင်နည်း။ |
| 9 (RLIN) |
23469 |
| 942 ## - ADDED ENTRY ELEMENTS (KOHA) |
| Koha item type |
Book (Short term) |
| Source of classification or shelving scheme |
|